LEADER 01689nam 2200205zu 450 001 996696063003316 005 20260108110333.0 035 $a(CKB)37911111800041 035 $a(UnM)99871550 035 $a(EXLCZ)9937911111800041 100 $a20250319|1642uuuu || | 101 0 $aeng 135 $aur||||||||||| 200 10$aImpeachment Of High Treason Exhibited In Parliament, Against James, Lord Strange, Son And Heire Apparant Of William, Earle Of Derby, By The Commons Assembled In Parliament, In The Name Of Themselves, And All The Commons Of England : Vvith An Order Of The Lords And Commons In Parliament, For The Apprehending Of The Said Lord, To Be Published In All Churches, And Chappels, Markets And Townes, In The County Of Lancaster And Chester. 16 September, 1642. Ordered By The Lords In Parliament Assembled, That This Impeachment, With The Order, Shall Be Forthwith Printed And Published. John Browne Cler. Parliament 210 $cProQuest, UMI$d1642 700 $aDerby$0836627 906 $aBOOK 912 $a996696063003316 996 $aImpeachment Of High Treason Exhibited In Parliament, Against James, Lord Strange, Son And Heire Apparant Of William, Earle Of Derby, By The Commons Assembled In Parliament, In The Name Of Themselves, And All The Commons Of England : Vvith An Order Of The Lords And Commons In Parliament, For The Apprehending Of The Said Lord, To Be Published In All Churches, And Chappels, Markets And Townes, In The County Of Lancaster And Chester. 16 September, 1642. Ordered By The Lords In Parliament Assembled, That This Impeachment, With The Order, Shall Be Forthwith Printed And Published. John Browne Cler. Parliament$94500690 997 $aUNISA